| 000 | 00769nam a22002297a 4500 | ||
|---|---|---|---|
| 999 |
_c9277 _d9277 |
||
| 003 | AR-CdUCM | ||
| 008 | 190327b ||||| |||| 00| 0 spa d | ||
| 040 |
_aMUNICIPALIDAD PROVINCIAL DEL CUSCO _cBIBLIOTECA MUNICIPAL DEL CUSCO |
||
| 082 |
_a869.634 / _bG79 / 1942 |
||
| 100 |
_aGreiff, León de _925375 |
||
| 245 | _a16 poemas de León Greiff / | ||
| 260 |
_aMéxico : _c1942. |
||
| 300 |
_a483 páginas ; _c24 cm. |
||
| 440 |
_aColección literaria de la revista Iberoamericana _925376 |
||
| 500 | _aProducción artesanal. | ||
| 650 |
_aPoesía colombiana _910191 |
||
| 650 |
_aPoetas colombianos _915152 |
||
| 650 |
_aLeón de Greiff - Poemas _925377 |
||
| 700 |
_aGarcía Prada, Carlos (Selección y estudio) _925378 |
||
| 942 |
_2ddc _cLIBROS |
||
| 945 | _alccs | ||